[Event "URS-ch56"]
[Site "Odessa"]
[Date "1989.??.??"]
[Round "?"]
[White "Tukmakov, Vladimir B"]
[Black "Eingorn, Vereslav S"]
[Result "0-1"]
[WhiteElo "2565"]
[BlackElo "2560"]
[Annotator "ChessBase"]
[PlyCount "177"]
[EventDate "1989.09.??"]
[EventType "tourn"]
[EventRounds "15"]
[EventCountry "URS"]
[EventCategory "13"]
[SourceTitle "URS-ch"]
[Source "ChessBase"]
[SourceDate "1999.07.01"]
[SourceVersion "1"]
[SourceVersionDate "1999.07.01"]
[SourceQuality "1"]

1. d4 e6 2. Nf3 c5 3. g3 Nf6 4. Bg2 Qc7 $5 5. Nc3 $5 cxd4 6. Nxd4 a6 7. O-O d6
8. e4 Bd7 9. Re1 Be7 10. a4 O-O 11. a5 Nc6 12. Nxc6 Bxc6 13. Be3 Nd7 14. Na4
Rae8 15. Nb6 f5 16. Nxd7 Qxd7 17. Bb6 $6 f4 18. Bh3 Bd8 19. Qd4 Bf6 $1 20. Qb4
Be5 $15 21. Rad1 Qf7 22. Rxd6 Bxd6 23. Qxd6 Qg6 $6 (23... Qh5 $6 24. Bxe6+ Kh8
25. Bd7 $1 Rf6 $2 (25... Rd8 $2 26. Bxd8 Rxd8 27. Qe7 $1) 26. Bxe8 Bxe8 27. Qe7
$1) (23... e5 $1 24. Qc5 (24. Bg4 Qc4) 24... Qh5 25. Bf1 Rf6 $40) 24. Qe5 $1
$44 Qh6 25. Bf1 (25. Bg4 $2 fxg3 26. hxg3 Qd2 $1 27. Re2 Qd1+ 28. Kg2 Bb5 $19)
25... fxg3 26. hxg3 Rf5 27. Qd6 Rf7 28. Qe5 Qf6 (28... Rf5 $10) 29. Qxf6 gxf6
30. b4 f5 (30... Rd7 $5 31. c4 Ba4 $13) 31. exf5 Rxf5 32. c4 Kf7 33. Rd1 Rc8
34. Rd4 Rh5 (34... h5) 35. Rf4+ Ke8 (35... Kg7) 36. Bg2 Bxg2 37. Kxg2 Rf5 38.
Re4 Ke7 (38... Kf7 {>=}) 39. g4 Rf7 (39... Rg8 $5) 40. f4 Kf8 41. Bc5+ Kg8 $14
(41... Kg7 $6 42. Bd6 $16) 42. Bd6 (42. Rd4 $5) 42... Rg7 (42... Rf6 $5 43. Be5
Rg6) 43. Kf3 Kf7 44. Rd4 Rgg8 45. c5 Rcd8 46. b5 axb5 47. Rb4 Rd7 48. Rxb5 h6
49. Kg3 Ra8 50. Kh4 Kg6 51. Be5 Rc8 52. Rb6 Kf7 53. Bd6 Ra8 54. Rb5 Kg6 55. Be5
Rc8 (55... Ra6 $2 56. Rb6 $1 Rxb6 57. axb6) 56. Rb6 Kf7 57. Bd6 (57. Kh5 Rxc5
58. Kxh6 Rc1 (58... Rxa5 $2 59. g5 $16) 59. a6 bxa6 60. Rxa6 $14) (57. a6 bxa6
58. c6 Rd1 59. Rb7+ Ke8 $14) 57... Ra8 58. Kh5 Rxa5 59. Kxh6 Ra1 60. Rb3 Rh1+
61. Kg5 Rh8 62. Be5 Rh1 63. Ra3 $4 Rd8 64. f5 $8 Rg8+ 65. Kf4 exf5 $2 (65...
Rg1 $19) 66. Kxf5 Rf1+ 67. Bf4 Rc8 68. Ra5 (68. Rc3 Rc6 69. g5 b6 70. g6+ Kg7
$1) 68... Kg8 (68... Rd8 $5) 69. Kg5 Kh7 70. Be5 $2 (70. Bh2) 70... Rg8+ 71.
Kh4 Re1 $1 72. Bf4 (72. Bh2 Re4) 72... Rh1+ 73. Kg3 Rg1+ 74. Kf3 Rf1+ 75. Kg3
Rg1+ 76. Kf3 Rf8 77. Ke3 Rxg4 $19 78. Bd6 Rf7 79. Rb5 Rd7 80. Rb6 Rc4 81. Rb1
Kg6 82. Rg1+ Kf6 83. Rh1 Ke6 84. Rh5 Rf7 85. Rh8 Kd5 86. Rh5+ Kc6 87. Rh6 Kb5
88. Rh1 Ra4 89. Rh5 0-1

[Event "Naestved Nimzowitsch Memorial"]
[Site "Naestved"]
[Date "1985.09.14"]
[Round "1"]
[White "Nunn, John DM"]
[Black "Ftacnik, Lubomir"]
[Result "0-1"]
[WhiteElo "2600"]
[BlackElo "2545"]
[Annotator "ChessBase"]
[PlyCount "74"]
[EventDate "1985.09.14"]
[EventType "tourn"]
[EventRounds "11"]
[EventCountry "DEN"]
[EventCategory "13"]
[SourceTitle "MCL"]
[Source "ChessBase"]
[SourceDate "1999.07.01"]
[SourceVersion "1"]
[SourceVersionDate "1999.07.01"]
[SourceQuality "1"]

1. e4 c5 2. Nf3 d6 3. d4 Nf6 4. Nc3 cxd4 5. Nxd4 a6 6. Be3 e6 7. Qd2 b5 8. f3
Bb7 9. g4 h6 10. O-O-O Nbd7 11. Bd3 b4 12. Nce2 d5 13. exd5 (13. Ng3 e5 14.
Nde2 d4 15. Bf2 g6) 13... Nxd5 14. Nf4 (14. Nxe6 $5 Qa5 (14... fxe6 15. Bg6+
Ke7 16. Nf4 $40) 15. Kb1 (15. Nxf8 Qxa2 16. c4 Kxf8 $132) 15... fxe6 16. Bg6+
Kd8 17. Nf4 Bd6 18. Nxe6+ $44) 14... Bd6 (14... Bc5 15. Nfxe6 fxe6 16. Bg6+ Ke7
17. Rhe1 $40) (14... Nc5 15. Bc4 Nxf4 16. Bxf4 Be7 17. Qe3 $36) (14... Ne5 15.
Ndxe6 fxe6 16. Nxe6 Qf6 17. Bd4 $13) 15. Nh5 (15. Ndxe6 fxe6 16. Nxe6 (16. Bg6+
Ke7 17. Rhe1 Ne5 $17) 16... Qf6 17. Bf5 (17. Bd4 Qxe6 18. Rhe1 Ne5 19. f4 Nxf4
$1) 17... Be5 $17) (15. Be4 N7f6 $1 $13) 15... Be5 $8 (15... g6 16. Nxe6 $1
fxe6 17. Bxg6+ Ke7 18. Bxh6 $16) (15... O-O 16. Bxh6 $1 Be5 17. Be4 $16) 16.
Rhe1 $2 (16. f4 Nxe3 17. fxe5 $1 (17. Qxe3 Bxh1 18. fxe5 Bd5 19. Nxg7+ Kf8 $17)
17... Qg5 $8 (17... Nxd1 18. Nxg7+ Ke7 19. Qxb4+ $18) 18. h4 Qxe5 (18... Qxg4
19. Be2 $18) 19. Nxe6 $3 Bxh1 (19... Nxd1 20. Nhxg7+ Ke7 21. Qxb4+ Nc5 22. Nxc5
Bxh1 (22... Qxb2+ 23. Qxb2 Nxb2 24. Nxb7 Nxd3+ 25. cxd3 Rhc8+ 26. Kd2 Rab8 27.
Nf5+ $18) 23. Nf5+ $1 Kd8 24. Qb6+ Ke8 25. Bb5+ $1 axb5 26. Qxb5+ Kf8 27. Nd7+
$18) 20. Nexg7+ Kf8 21. Rxh1 Nd5 22. Nf5 $44) 16... Qa5 17. Kb1 (17. Bc4 g6 18.
f4 (18. Ng3 N7b6 19. Bb3 Nc3 $1) 18... gxh5 19. fxe5 Nxe5 20. Bb3 O-O-O 21.
gxh5 Nc3 $19) 17... Nc3+ $1 18. bxc3 bxc3 19. Qc1 Bxd4 20. Bxd4 $2 (20. Bc4 Nb6
$5 (20... Be5 21. f4 g6 22. fxe5 gxh5 23. Bd4 $17) 21. Bb3 (21. Bxd4 Nxc4 22.
Rd3 $8 (22. Nxg7+ Kf8 23. Rd3 e5 24. Bxc3 Qb5+ $19) 22... Nd2+ 23. Ka1 Bd5 24.
Nxg7+ Kd7 $1 25. a3 Rhb8 26. Rxc3 Rb1+ 27. Qxb1 Nxb1 $19) 21... Bxe3 22. Qxe3
O-O $17) 20... Bd5 21. a3 Rb8+ (21... O-O $2 22. Bxg7 Rfb8+ 23. Ka1 Rb2 24.
Bh7+ $1 Kxh7 25. Qxh6+ Kg8 26. Qh8#) 22. Ka1 Rb2 23. Nxg7+ Kf8 (23... Kd8 $5)
24. Qxb2 cxb2+ 25. Bxb2 Rg8 26. Nh5 Bxf3 27. Be2 Bxg4 $6 (27... Bxe2 28. Rxe2
Rxg4 29. Rxd7 Qxh5 30. Bf6 Kg8 31. Rf2 Qc5 $1) 28. Ng3 (28. Nf6 Nxf6 29. Bxf6
Qxa3+ 30. Kb1 Qb4+ 31. Ka2 Qa5+ 32. Kb2 Ke8 33. Rg1 Rg6 $1 34. Rd8+ Qxd8 35.
Bxd8 Bxe2 36. Rxg6 fxg6 $19) 28... Ke7 29. Ne4 Bf5 $1 30. Nd6 Bxc2 31. Nc4 Qa4
32. Rd6 Rb8 33. Rf1 Rxb2 $1 34. Kxb2 Qb3+ 35. Kc1 Qc3 $1 36. Rxd7+ Kxd7 37.
Rxf7+ Kd8 0-1

[Event "Reykjavik"]
[Site "Reykjavik"]
[Date "1987.??.??"]
[Round "1"]
[White "Short, Nigel D"]
[Black "Ljubojevic, Ljubomir"]
[Result "1-0"]
[WhiteElo "2615"]
[BlackElo "2620"]
[Annotator "ChessBase"]
[PlyCount "57"]
[EventDate "1987.02.19"]
[EventType "tourn"]
[EventRounds "11"]
[EventCountry "ISL"]
[EventCategory "14"]
[SourceTitle "CBM 002"]
[Source "ChessBase"]
[SourceDate "1988.02.01"]
[SourceVersion "1"]
[SourceVersionDate "1988.02.01"]
[SourceQuality "1"]

1. e4 c5 2. Nf3 d6 3. d4 cxd4 4. Nxd4 Nf6 5. Nc3 a6 6. Be3 e6 7. f3 Be7 8. Qd2
b5 9. g4 Bb7 10. O-O-O O-O 11. h4 Nc6 12. Nxc6 Bxc6 13. g5 Nd7 14. Ne2 $5 {N} (
14. h5 Ne5 15. f4 Ng4 16. Bd3 $5 (16. Bh3 Nxe3 17. Qxe3 Qa5 18. Kb1 b4 19. Ne2
Qc5 $1 $13)) 14... d5 (14... Ne5 15. Nd4 Bb7 16. h5) 15. Nd4 Bb7 16. Bh3 Ne5 (
16... dxe4 $2 17. Nxe6 fxe6 18. Qxd7 $18) (16... e5 $2 17. Nf5 d4 18. Bxd4 $18)
17. Qe1 $6 (17. f4) 17... Nc4 (17... Bc5 $1 18. f4 Bxd4 19. Bxd4 Nf3 20. Qb4 (
20. Qe3 Nxd4 21. Rxd4 Qa5 $17) 20... Nxd4 21. Rxd4 Qb6 $13) 18. f4 Nxe3 19.
Qxe3 Qa5 $6 (19... Qb6 20. e5 Bc5 $13) 20. Kb1 dxe4 $2 (20... Qb6) 21. Nxe6 $1
Rfe8 (21... fxe6 22. Bxe6+ Kh8 23. Rd7 Bc8 24. Rxe7 Qd8 (24... Qb4 25. Bd5) 25.
Qc5 Bxe6 26. Rxe6 Rxf4 27. Qe3 $16) 22. h5 $1 $18 (22. Nd4 $2 Bc5 $17) 22...
Bd8 (22... fxe6 23. Bxe6+ Kh8 24. h6 Bf8 25. hxg7+ Bxg7 26. Rxh7+ Kxh7 27. Qh3+
) (22... Bf8 23. Nxf8 Rxf8 24. h6) 23. Rd7 Bc6 (23... Bb6 24. Qb3 Bc6 25. Rxf7
Kxf7 26. Nd8+ Ke7 27. Nxc6+) 24. Qd4 Bf6 (24... Rxe6 25. Bxe6 Bxd7 26. Qxd7)
25. gxf6 Bxd7 26. Qxd7 Qb6 27. Nxg7 Red8 28. Qg4 Kh8 29. Ne8 $1 1-0

[Event "YUG-ch40"]
[Site "Novi Sad"]
[Date "1985.04.??"]
[Round "?"]
[White "Popovic, Petar"]
[Black "Cvitan, Ognjen"]
[Result "1-0"]
[WhiteElo "2540"]
[BlackElo "2465"]
[Annotator "ChessBase"]
[PlyCount "53"]
[EventDate "1985.04.07"]
[EventType "tourn"]
[EventRounds "17"]
[EventCountry "YUG"]
[EventCategory "7"]
[SourceTitle "MCL"]
[Source "ChessBase"]
[SourceDate "1999.07.01"]
[SourceVersion "1"]
[SourceVersionDate "1999.07.01"]
[SourceQuality "1"]

1. e4 c5 2. Nf3 d6 3. d4 cxd4 4. Nxd4 Nf6 5. Nc3 a6 6. g3 e6 7. Bg2 Be7 8. O-O
Qc7 9. g4 Nc6 (9... h6) 10. g5 Nd7 11. Kh1 O-O 12. f4 Nxd4 (12... Rd8 13. Be3
Nxd4 14. Bxd4 b5 15. f5 Ne5 16. f6 Bf8 17. fxg7 Bxg7 18. Qh5 $36) 13. Qxd4 b5
14. f5 Re8 (14... Bb7 15. f6 gxf6 16. gxf6 e5 17. Qf2 Nxf6 18. Bh6 $16) 15. Qf2
$1 Ne5 16. a3 (16. Bf4 $5) 16... Bb7 17. Bf4 Bf8 18. Rad1 Bc6 $6 (18... Rad8 $1
$13) 19. Bxe5 dxe5 20. fxe6 (20. Rd3 exf5 21. Qxf5 g6 22. Qf2 $14) 20... fxe6
21. Rd3 b4 $6 (21... Bd6 $1 $10) 22. g6 $1 hxg6 $2 (22... Qa7 $8 23. Qh4 h6 24.
axb4 Bxb4 25. Rf7 Qb8 (25... Re7 26. Na2 $18) 26. Nd1 {/\ Ne3}) 23. Rh3 g5 24.
Nd5 $1 Qb7 (24... exd5 25. Qf5 g6 26. Qxg6+ Qg7 27. Qxc6 $18) 25. Qf3 Bb5 26.
Qh5 Bxf1 27. Qh7+ (27. Qh7+ Kf7 28. Rf3#) 1-0

[Event "World Cup"]
[Site "Rotterdam"]
[Date "1989.??.??"]
[Round "?"]
[White "Short, Nigel D"]
[Black "Ehlvest, Jaan"]
[Result "1-0"]
[WhiteElo "2650"]
[BlackElo "2600"]
[Annotator "ChessBase"]
[PlyCount "75"]
[EventDate "1989.06.??"]
[EventType "tourn"]
[EventRounds "15"]
[EventCountry "NED"]
[EventCategory "15"]
[SourceTitle "CBM 013"]
[Source "ChessBase"]
[SourceDate "1989.12.01"]
[SourceVersion "1"]
[SourceVersionDate "1989.12.01"]
[SourceQuality "1"]

1. e4 c5 2. Nf3 d6 3. d4 cxd4 4. Nxd4 Nf6 5. Nc3 a6 6. Be3 e6 7. f3 Nc6 8. g4
Be7 9. Qd2 O-O 10. O-O-O Nxd4 11. Bxd4 Nd7 12. h4 b5 13. g5 Rb8 14. Bh3 Qc7 15.
g6 hxg6 16. h5 Ne5 17. hxg6 fxg6 (17... Nxf3 $1 $17 18. Bxe6 $2 Nxd2 $2 {
18...Bg5! -+} 19. Rh7 Bf6 20. Rdh1 $1 $18) 18. Bg4 b4 19. Bxe5 dxe5 20. Ne2 Rb6
21. Kb1 a5 $2 (21... Rd8 $1 $17 {/\ 22...Rxd1+}) 22. Nc1 $1 $16 Rd8 23. Nd3 a4
24. Qh2 Bf6 25. f4 exf4 26. e5 Bg5 27. Qh7+ Kf7 28. Bh5 gxh5 29. Qxh5+ Kg8 30.
Rdg1 Bb7 31. Qh7+ Kf8 32. Rxg5 Qf7 33. Rh4 Rd4 34. Rhg4 g6 35. Qh8+ Qg8 36. Qh4
b3 37. Rxg6 bxc2+ 38. Kc1 1-0

[Event "Interpolis"]
[Site "Tilburg"]
[Date "1992.10.17"]
[Round "4.1"]
[White "Short, Nigel D"]
[Black "Smirin, Ilia"]
[Result "0-1"]
[WhiteElo "2680"]
[BlackElo "2555"]
[Annotator "ChessBase"]
[PlyCount "79"]
[EventDate "1992.10.08"]
[EventType "k.o."]
[EventRounds "7"]
[EventCountry "NED"]
[SourceTitle "CBM 032"]
[Source "ChessBase"]
[SourceDate "1993.02.01"]
[SourceVersion "1"]
[SourceVersionDate "1993.02.01"]
[SourceQuality "1"]

1. e4 c5 2. Nc3 e6 3. Nf3 d6 4. g3 Nc6 5. Bg2 Nf6 6. d4 cxd4 7. Nxd4 Bd7 8. O-O
Be7 9. a4 O-O 10. Kh1 (10. Be3) 10... Nxd4 11. Qxd4 Bc6 12. f4 $6 (12. h3 a6
13. Be3) 12... a6 13. Be3 (13. a5 $5) 13... b5 14. axb5 axb5 15. e5 $6 (15. b4
$10) 15... Bxg2+ 16. Kxg2 Ng4 $1 (16... dxe5 17. fxe5 $14) 17. Bg1 (17. Nxb5 $2
dxe5 18. fxe5 $2 Nxe3+ 19. Qxe3 Rxa1 20. Rxa1 Qd5+ $19) (17. exd6 Bf6 18. Qd2
Nxe3+ 19. Qxe3 Qxd6 $17) 17... dxe5 18. fxe5 b4 19. Ne2 (19. Ne4 Qc7 $17) 19...
Qxd4 20. Bxd4 Rac8 21. c3 bxc3 22. bxc3 Bc5 23. Rfc1 Rfd8 24. Ra4 Bxd4 25. cxd4
Rb8 26. Kh3 $5 (26. Ra2 $15) 26... h5 (26... Ne3 $5 27. Ra3 Nf5) 27. Nf4 g6 (
27... Rb2 28. Nxh5 Nf2+ 29. Kh4 Nd3 30. Rh1 $13) 28. Rc2 Rb1 $6 (28... Rb3 $1
29. Re2 Ne3 $17) 29. Re2 $1 Rb7 30. d5 exd5 31. Rd4 Re7 32. e6 Kg7 33. Kg2 Nf6
34. h4 $1 Rd6 35. exf7 Rxe2+ 36. Nxe2 Kxf7 37. Nf4 Rc6 38. Rd3 Rc2+ 39. Kf3 $4
(39. Kg1 Rc5 40. Kg2 $15) 39... Ng4 40. Nh3 (40. Nxd5 Ne5+ 41. Ke4 Nxd3 42.
Kxd3 Rg2 $19) (40. Rxd5 Rf2+ 41. Ke4 Nf6+ 42. Ke3 Rxf4 $19) 0-1

[Event "Olympiad-23"]
[Site "Buenos Aires"]
[Date "1978.11.03"]
[Round "9"]
[White "Kagan, Shimon"]
[Black "Adamski, Jan"]
[Result "1-0"]
[WhiteElo "2465"]
[BlackElo "2470"]
[Annotator "Czerniak,M"]
[PlyCount "115"]
[EventDate "1978.10.25"]
[EventType "team-swiss"]
[EventRounds "14"]
[EventCountry "ARG"]
[SourceTitle "EXT 2002"]
[Source "ChessBase"]
[SourceDate "2001.11.25"]
[SourceVersion "1"]
[SourceVersionDate "2001.11.25"]
[SourceQuality "1"]
[WhiteTeam "Israel"]
[BlackTeam "Poland"]
[WhiteTeamCountry "ISR"]
[BlackTeamCountry "POL"]

{Inf.26/455} 1. e4 c5 2. Nf3 e6 3. d4 cxd4 4. Nxd4 Nf6 5. Nc3 d6 6. g3 a6 7.
Bg2 Qc7 8. O-O Be7 9. Nde2 Nc6 10. b3 O-O 11. Bb2 b5 12. Nf4 Bb7 13. Rc1 Rfd8
14. Qe2 Rac8 15. Rfd1 Nd7 16. a4 $5 b4 17. Nb1 $14 {[/\ Nd2, c3]} Bf6 18. c3
Nc5 19. Nh5 $6 Be5 $6 (19... Nxb3 $1 20. Nxf6+ gxf6 21. Qg4+ (21. Rc2 Ncd4 $1
$17) 21... Kf8 22. cxb4 Nxc1 23. Rxc1 (23. Bxf6 Ne7) 23... Qe7 $17) 20. cxb4
Nxb4 (20... Nxb3 $2 21. b5 $16) 21. Bxe5 dxe5 22. Qg4 g6 (22... Rxd1+ 23. Rxd1
f6 24. Rd7 $3 $18) 23. Nf6+ Kg7 24. Qh4 h5 (24... h6 25. Ng4 {/\ Qf6+}) (24...
Rxd1+ 25. Rxd1 Rh8 26. Nh5+ gxh5 27. Qg5+ Kf8 28. Rd8+ $18) 25. Qg5 Rh8 26. Nd7
$1 Qxd7 27. Rxd7 Nxd7 28. Rd1 $1 Rhd8 29. Na3 Nc6 30. Nc4 Nc5 $1 31. Rxd8 Rxd8
32. h3 Rd1+ 33. Kh2 f6 34. Qe3 Nd4 35. Nd6 Rd3 36. Qe1 (36. Qc1 $2 Ndxb3 $19)
36... Ndxb3 37. Nxb7 Nxb7 38. Qb4 N3c5 39. Qb6 Rd6 40. Qc7+ Rd7 41. Qc8 Rd8 42.
Qc6 Rd6 $2 (42... g5 $11) 43. Qe8 Rd7 44. f4 $5 exf4 45. gxf4 a5 (45... Nd6 46.
Qa8 $1 $16) 46. e5 fxe5 47. Qb8 Rd8 48. Qc7+ Rd7 49. Qxe5+ Kh7 50. Bxb7 Nxb7
51. Qxe6 Nc5 52. Qc6 Rd2+ 53. Kg3 Rc2 54. Qc7+ Kg8 55. Qxa5 $18 Rc3+ 56. Kh4
Rc4 57. Qd8+ Kf7 58. Qd5+ 1-0

[Event "Elenite"]
[Site "Elenite"]
[Date "1995.??.??"]
[Round "2"]
[White "Kolev, Atanas"]
[Black "Georgiev, Kiril"]
[Result "0-1"]
[WhiteElo "2500"]
[BlackElo "2605"]
[Annotator "Dolmatov,S"]
[PlyCount "114"]
[EventDate "1995.09.??"]
[EventType "tourn"]
[EventRounds "9"]
[EventCountry "BUL"]
[EventCategory "15"]
[SourceTitle "CBM 050"]
[Source "ChessBase"]
[SourceDate "1996.02.01"]
[SourceVersion "1"]
[SourceVersionDate "1996.02.01"]
[SourceQuality "1"]

1. e4 c5 {Endspiel-CD} 2. Nf3 d6 3. d4 cxd4 4. Nxd4 Nf6 5. Nc3 a6 6. Be3 e6 7.
f3 b5 8. Qd2 Bb7 9. O-O-O Nbd7 10. g4 h6 11. Bd3 Ne5 12. Rhe1 b4 (12... Nfd7
13. f4 Nxg4 14. Bg1 e5 15. Nf5 g6 16. Nxd6+ Bxd6 17. Be2 Bb4 18. Bxg4 Nf6 19.
Qe2 Qe7 $13 {Dochev,D-Stohl,I/Pardubice/1994/ Inf 61/236/}) 13. Na4 d5 14. exd5
Nxd5 15. f4 Qd7 16. b3 (16. fxe5 $6 Qxa4 17. Bc4 Nxe3 18. Qxe3 (18. Nb5 $2
Qxc2+ 19. Qxc2 Nxc2 20. Kxc2 Rc8 $17) 18... Bc5) 16... Nxd3+ (16... Nxg4 $6 17.
Nxe6 $1 (17. Bg1 $2 Bd6) 17... Ngxe3 (17... fxe6 18. Bg6+ Kd8 19. Nb6 $40) 18.
Rxe3 Nxe3 19. Bb5 $18) 17. Qxd3 O-O-O 18. f5 $6 (18. Nf3 $5 Qc7 19. Ne5 $40)
18... e5 19. Nf3 Qc7 20. Nxe5 Qxe5 21. Nb6+ Kb8 (21... Kc7 22. Qc4+ $16) 22.
Nd7+ (22. Nxd5 Qxd5 (22... Qa1+ 23. Kd2 $16 Qxd1+ 24. Kxd1 Rxd5 25. Bd4) (22...
Rxd5 23. Ba7+ Kxa7 24. Rxe5 Rxd3 25. Rxd3 $14) 23. Bf4+ Ka8 (23... Bd6 24. Qg3
$3 $18) (23... Ka7 24. Qe3+ Bc5 25. Rxd5 Bxe3+ 26. Bxe3+ $16) 24. Qxd5 (24. Qg3
Qa5 25. Bc7 Qa3+ 26. Kb1 Rxd1+ 27. Rxd1 Be7 $19) 24... Rxd5 (24... Bxd5 25. Re5
(25. Bc7 Rd7 26. Re8+ Kb7) 25... Bd6) 25. Re8+ Ka7 26. Be3+ $18) 22... Rxd7 23.
Ba7+ Kxa7 24. Rxe5 Bc5 $15 25. Qc4 Rc8 26. Kb2 (26. Rdxd5 Rxd5 27. Rxd5 Be3+
$19) 26... Ne3 (26... Nb6 27. Rxd7 Nxd7 28. Re2) 27. Rxd7 Nxc4+ 28. bxc4 Kb6
$15 29. c3 Bc6 30. Rxf7 bxc3+ 31. Kxc3 Rd8 32. Re6 a5 $6 (32... Bd4+ 33. Kc2
Kc5 34. Rc7 Rd6 $15) 33. Kc2 Bd4 34. h4 Rc8 35. g5 hxg5 36. hxg5 Kc5 37. f6
gxf6 38. g6 Be8 (38... Be5 39. g7 Be4+ 40. Kc1) 39. Rfxf6 Bxf6 40. Rxf6 Kxc4
41. g7 Ba4+ 42. Kd2 Rd8+ 43. Ke2 Rg8 44. Rf5 Rxg7 (44... Kb4 45. a3+ $10) (
44... Bb5 45. a4 $10) 45. Rxa5 $10 Bc6 46. Ke3 Rf7 47. Re5 Rf3+ 48. Ke2 Kd4 49.
Re7 Ra3 50. Kf2 Be4 51. Re8 (51. Rd7+ Ke5 52. Rd2 $10) 51... Rxa2+ 52. Kg3 Ke3
53. Rf8 Rg2+ 54. Kh4 Bf3 55. Re8+ Kf2 56. Re5 $4 (56. Rf8 $142 $1 $10 {
Endspiel-CD} Rg4+ 57. Kh3 Rg5 58. Rf4 $10) 56... Rg4+ 57. Kh3 Rf4 0-1

[Event "Nikolaev zt"]
[Site "Nikolaev"]
[Date "1995.??.??"]
[Round "7"]
[White "Fedorov, Alexei"]
[Black "Novikov, Igor A"]
[Result "1-0"]
[WhiteElo "2495"]
[BlackElo "2590"]
[Annotator "Dolmatov,S"]
[PlyCount "79"]
[EventDate "1995.03.??"]
[EventType "swiss"]
[EventRounds "11"]
[EventCountry "UKR"]
[SourceTitle "CBM 047"]
[Source "ChessBase"]
[SourceDate "1995.08.01"]
[SourceVersion "1"]
[SourceVersionDate "1995.08.01"]
[SourceQuality "1"]

1. e4 c5 2. Nf3 d6 3. d4 cxd4 4. Nxd4 Nf6 5. Nc3 a6 6. f3 e6 7. Be3 b5 8. g4 h6
9. Qd2 Nbd7 10. O-O-O Bb7 11. Bd3 Ne5 (11... b4 12. Nce2) 12. Rhe1 b4 (12...
Be7 13. h4 b4 14. Na4 Qa5 15. b3 Nfd7 16. Kb1 $14 {Ghinda,M-Marin,M/ROM-ch/
1987/1:0/48/Inf 44/270/}) 13. Na4 d5 14. exd5 Nxd5 15. f4 $1 (15. Bf2 Bd6 16.
Bf5 O-O 17. Nxe6 fxe6 $15 {Hjartarsson,J-Kasparov,G/Thessaloniki(ol)/1988/0,5/
54/Inf 46/284/} 18. Bxe6+ Kh8 19. Bxd5 Nxf3 20. Bxf3 Bxf3 21. Bb6 Bxd1 22. Bxd8
Raxd8 23. Qxd1 Bf4+ $15) 15... Nxg4 16. Nxe6 fxe6 17. Bg6+ Kd7 18. Bd4 Bd6 (
18... Ngf6 19. Qe2 $40) (18... Qc7 19. Qe2 Qxf4+ 20. Kb1 $40) 19. Qe2 Ngf6 (
19... Nxf4 $5 20. Qxg4 Qg5 21. Qxg5 hxg5 22. Nb6+ Ke7 23. Nxa8 Nxg6 24. Nb6
Rxh2 $132) 20. Nc5+ Bxc5 (20... Kc6 21. Nxe6) 21. Qxe6+ Kc7 22. Bxc5 Qd7 23.
Qe5+ Kc6 24. Bxb4 Qc7 (24... Nxb4 25. Rxd7 Nxd7 26. Qc3+ Kb5 27. Bd3+ Nxd3+ 28.
Qxd3+ Kc6 29. Re6+ Kc7 30. Qd6+ $16) (24... Rhe8 25. Bxe8 Rxe8 26. Qd4 Nxb4 27.
Qc4+ $18) 25. Qe6+ Kb5 26. Bd6 Qc8 27. Qe2+ Kc6 28. Ba3 a5 29. Qc4+ Kb6 30.
Qd4+ Kc7 31. Re7+ Nd7 (31... Kd8 32. Qb6+ $18) 32. Bf5 $18 Rd8 33. Qc5+ Kb8 34.
Qd6+ Qc7 35. Rxd7 Rxd7 36. Bxd7 Nb4 37. Bxb4 axb4 38. Qf8+ Ka7 39. Qxb4 Rd8 40.
Bg4 1-0

[Event "Capablanca Memorial-A"]
[Site "Matanzas"]
[Date "1994.??.??"]
[Round "6"]
[White "Spangenberg, Hugo"]
[Black "Vera Gonzalez Quevedo, Reynaldo"]
[Result "1-0"]
[WhiteElo "2510"]
[BlackElo "2500"]
[Annotator "Donev,I"]
[PlyCount "105"]
[EventDate "1994.??.??"]
[EventType "tourn"]
[EventRounds "11"]
[EventCountry "CUB"]
[EventCategory "10"]
[SourceTitle "CBM 043"]
[Source "ChessBase"]
[SourceDate "1994.12.01"]
[SourceVersion "1"]
[SourceVersionDate "1994.12.01"]
[SourceQuality "1"]

1. e4 c5 2. Nc3 e6 3. Nf3 d6 4. d4 cxd4 5. Nxd4 a6 6. g3 Nf6 7. Bg2 Be7 8. O-O
Qc7 9. Re1 O-O 10. Be3 Re8 (10... Nc6 $142 11. Nxc6 bxc6 12. Na4 Rb8 13. c4 c5
14. b3 Bb7 15. Nc3 Bc6 16. Rc1 Rfe8 17. Rc2 Rbd8 18. Rd2 Qb7 $13) 11. h3 (11.
a4 $5 Nfd7 12. a5 Nc6 13. Nb3 Nde5 14. Bb6 Qb8 15. Ra4 $14) 11... Nc6 12. Nxc6
bxc6 13. Na4 Bb7 14. c4 c5 15. Nc3 Nd7 (15... Bc6 16. b3 Qb7 17. Qc2 Rad8 18.
Rad1 $10) 16. f4 Nb8 17. Qd2 Nc6 18. Rad1 Red8 19. g4 Bh4 20. Rf1 (20. Bf2
Bxf2+ 21. Qxf2 Nd4 22. Ne2 e5 $15) 20... Bf6 21. Ne2 Qa5 22. Qxa5 Nxa5 23. b3
$14 Be7 (23... Nc6 24. e5 (24. g5 $5 Be7 25. e5) 24... dxe5 25. fxe5 Bxe5 26.
Bxc5 $14) 24. Nc3 Nc6 25. e5 $1 dxe5 26. fxe5 Rxd1 27. Rxd1 Rd8 28. Rxd8+ (28.
Bxc6 $142 $1 Rxd1+ 29. Nxd1 Bxc6 30. Nf2 f6 31. exf6 gxf6 32. Nd3 $16) 28...
Nxd8 29. Na4 (29. Ne4 Bxe4 30. Bxe4 f6 31. exf6 gxf6 32. Kf2 $16 {1.Läuferpaar
Vorteil. 2.Besseres Bauernstruktur.}) 29... Bxg2 30. Kxg2 Nb7 31. Nb6 Kf8 32.
Nd7+ Ke8 33. Nb8 a5 34. Kf3 a4 (34... Kd8 35. Nc6+ Kd7 36. Nxe7 Kxe7 37. Ke4
$14) 35. bxa4 $14 Na5 36. Bd2 Nxc4 37. Bc3 Bd8 (37... Kd8 38. Nc6+ Kd7 39. Nxe7
Kxe7 40. g5 $14) 38. Ke4 f6 (38... Ba5 $142 $1 39. Bxa5 Nxa5 40. g5 Kd8 $15)
39. Nc6 Nxe5 40. Bxe5 (40. Nxe5 $2 fxe5 41. Bxe5 Bf6 42. Bg3 c4 $17) 40... fxe5
41. a5 Kd7 42. Nxe5+ Kc7 (42... Kd6 $5) 43. Kd3 Bf6 44. Nf3 Kb7 45. Kc4 Ka6 46.
Kxc5 Kxa5 47. Kd6 Kb4 48. Kxe6 Ka3 49. g5 Bc3 50. Kf7 Kxa2 51. Kg8 h6 52. g6
Bf6 53. Nh4 1-0